| 000 | 00662nam a22002297a 4500 | ||
|---|---|---|---|
| 003 | DO-SdBNP | ||
| 005 | 20210910132736.0 | ||
| 008 | 210831b2019 dr ||||| |||| 00| 0 spa d | ||
| 020 | _a9789945494549 | ||
| 040 |
_aDO-SdBNP _bspa _cBNPHU |
||
| 082 |
_aRD863.5 _bA451z 2019 |
||
| 100 | 0 |
_aAlmodóvar, Taína _978199 |
|
| 245 | 1 | 0 |
_aZul / _cTaína Almodóvar |
| 250 | _a2a. ed. | ||
| 260 |
_aSanto Domingo : _bZona CTP, _c2019. |
||
| 300 |
_a28 p. : _bil. ; _c25 cm |
||
| 590 | _aInventariado, 2021 / DG | ||
| 650 | 4 |
_aCuentos dominicanos _926903 |
|
| 650 | 4 |
_aLiteratura dominicana _979659 |
|
| 910 | _aDG/Validado. Control de calidad MFF | ||
| 942 |
_2ddc _cLBS1 |
||
| 999 |
_c50342 _d50342 |
||